Т. 4, № 6; Теоретические основы химической технологии

Bibliographische Detailangaben
Parent link:Теоретические основы химической технологии/ Академия наук СССР (АН СССР). Т. 4, № 6.— , 1967-.— 0040-3571
Sprache:Russisch
Veröffentlicht: 1970
Format: MixedMaterials Buch
KOHA link:https://koha.lib.tpu.ru/cgi-bin/koha/opac-detail.pl?biblionumber=468462

MARC

LEADER 00000nam2a2200000 4500
001 468462
005 20231101091000.0
035 |a (RuTPU)RU\TPU\prd\133535 
035 |a RU\TPU\prd\133530 
090 |a 468462 
100 |a 20120301a19679999k y0rusy50 ca 
101 0 |a rus 
102 |a RU 
200 0 |a Т. 4, № 6 
210 |d 1970 
461 1 |0 (RuTPU)RU\TPU\prd\375  |x 0040-3571  |t Теоретические основы химической технологии  |f Академия наук СССР (АН СССР)  |v Т. 4, № 6  |d 1967- 
801 0 |a RU  |b 63413507  |c 20010227  |g PSBO 
801 1 |a RU  |b 63413507  |c 20120113 
801 2 |a RU  |b 63413507  |c 20120301  |g RCR 
942 |c BK 
999 |a НТБ_ТПУ  |b НФ  |e -8/20120110  |p П-7712  |u 0,00  |v 1